Places in Warwickshire - sudden death - Statistics

General Stats
  • This quiz has been taken 33 times
  • The average score is 11 of 24
Answers on the Grid
Answers color-coded by a green-red scale on the quiz's grid according to % correct below.
Stratford-upon-Avon
Rugby
Warwick Castle
Nuneaton
Kenilworth
Sunderland
Leicester
Sheepy Magna
Liverpool
Tate Gallery
Royal Leamington Spa
Brands Hatch
Jos
Hastings
British Motor Museum
Lake Powell
Shakespeare's birthplace
Shipston-on-Stour
Bedworth
Jannu
Bishop's Itchington
Ruiru
Azle
Bishopton
Loum
Baddesley Clinton
Shakespeare's Globe
Jane Austen's birthplace
Greater Upper Marlboro
Bidford-on-Avon
Alcester
Henley-in-Arden
Fenny Compton
Aleister Crowley's birthplace
Acworth
Downfield
Contagem
Royal Shakespeare Theatre
Nyack
Lighthorne Heath
Dessie
Birthplace of Ken Loach
Severn
Dunchurch
Great Kills
Atherstone
Southam
Bredbury
 
Answer Stats
Answer % Correct
Stratford-upon-Avon
100%
Stratford-upon-Avon Shakespeare's birthplace
89%
Warwick Castle
84%
Kenilworth
79%
Royal Leamington Spa
79%
Nuneaton
74%
Rugby
74%
Bedworth
68%
Gaydon British Motor Museum
58%
Atherstone
47%
Dunchurch
42%
Royal Shakespeare Theatre
42%
Shipston-on-Stour
42%
Southam
37%
Bidford-on-Avon
32%
Bishop's Itchington
32%
Alcester
26%
Birthplace of Ken Loach
26%
Bishopton
26%
Royal Leamington Spa Aleister Crowley's birthplace
21%
Henley-in-Arden
21%
Baddesley Clinton
16%
Lighthorne Heath
16%
Fenny Compton
5%
No matching quizzes found
Score Distribution
Percent of People with Each Score
Percentile by Number Answered
Your Score History
You have not taken this quiz